00953nam a2200241Ia 4500003000400000005001700004008004100021020001800062040001800080041000800098082002200106100003000128245015100158250001200309260003600321300003000357650003500387650004000422700003000462942003100492999001900523952016900542OSt20220829101717.0210716s2014 xx 000 0 und d a9789351071709 cAIMIT LIBRARY aeng a005.448 21bROUD aRountree, Derrick.955838 aBasics of cloud computing :bunderstanding the fundamentals of cloud computing in theory and practice /cBy Derrick Rountree and Ileana Castrillo. a1st ed. aNew Delhi :bElsevier ,c2014 . axvii, 155p. ;bPBc24 cm. aCloud deployment models955839 aWeb development technologies955840 aCastrillo, Ileana.955841 2ddccBKe1stk005.448 ROUD c193980d193980 00102ddc40708MCAaAIMITbAIMITeKnowledge Worldg325.00iBill no:173; Bill dt:2014-07-12l0o005.448 ROUDpMCA13488r2025-07-21 00:00:00v243.75w2021-07-16yBK